00822 a2200205 4500003000500000005001700005040000900022082001200031100003600043245008900079260001900168300001400187505022800201538003000429650001400459651001100473942000800484999001900492952010500511Nust20170207153550.0 cNust a621.382 aSiddiqui, Rizwan Aziz (MSEE-4) aImage compression using hidden Markov model and entropy codingcRizwan Aziz Siddiqui bMCSc2000aRwp axiv, 78 p aIntroduction (page-1), Overview of image compression techniques (page-8), The hidden Markov model (page-32), Application of hidden Markov model on multi-level gray image (page-58), Conclusions and recommendations (page-75). aAlmirah no 72 shelf no. 2 aMS Thesis aMSEE-4 cTHS c188813d188813 00102ddc40708NFICaMCSbMCSd2016-12-12l0o621.382 SIDpMCSTEE-119r2016-12-08w2016-12-12yBK